| 000 | 01554nam a2200265Ia 4500 | ||
|---|---|---|---|
| 999 |
_c36358 _d36358 |
||
| 001 | 2270 | ||
| 003 | GE_BSU | ||
| 005 | 20190502114159.0 | ||
| 008 | 181216s||||||||ge |||||||||||||| ||geo|| | ||
| 020 | _a9789941131608 | ||
| 040 | _cGE_BSU | ||
| 041 | _ageo | ||
| 080 | _a546(075.8) ლ–40 | ||
| 100 |
_aლეკიშვილი, ნოდარ _9631 |
||
| 245 |
_aზოგადი და არაორგანული ქიმია : _b ნაწ. 1.; ფუნდამენტური პრინციპები და თეორიული საფუძვლები / _cნოდარ ლეკიშვილი, ქრისტინე გიორგაძე, ზურაბ ფაჩულია; [რედაქტორები: მაია რუსია, გიული ანდრონიკაშვილი] |
||
| 264 |
_aთბილისი: _bსახ. უნ-ტის გამომცემლობა, _c2010. |
||
| 300 |
_a279 გვ. : _bცხ., სქემ., ნახ.; _c24სმ. |
||
| 653 | _aზოგადი ქიმია | ||
| 653 | _aარაორგანული ქიმია | ||
| 700 |
_aგიორგაძე, ქრისტინე _eავტორი _9632 |
||
| 700 |
_aფაჩულია, ზურაბ _eავტორი _9633 |
||
| 700 |
_aრუსია, მაია _9634 _eრედაქტორი |
||
| 700 |
_aანდრონიკაშვილი, გიული _e რედაქტორი _9635 |
||
| 942 |
_cBK _2udc |
||